000 00474nam a2200205Ia 4500
008 170918s9999 xx 000 0 und d
020 _a9780142424179
050 _bG795fa 2012
100 _aGreen, John
245 4 _aThe fault in our stars /
245 _cby John Green.
250 _aFirst edition
260 _aUSA :
260 _bPenguin Books,
260 _c2012
300 _a318 pages :
300 _billustrations ;
300 _c21cm.
500 _a850
999 _c344064
_d344064